Science and superstition (Record no. 1040251)

MARC details
000 -LEADER
fixed length control field 00432nam a2200181Ia 4500
008 - FIXED-LENGTH DATA ELEMENTS--GENERAL INFORMATION
fixed length control field 151018s9999 xx 000 0 und d
082 ## - DEWEY DECIMAL CLASSIFICATION NUMBER
Item number RBASDV40977
Classification number 110
100 ## - MAIN ENTRY--PERSONAL NAME
Personal name M N Roy
245 ## - TITLE STATEMENT
Title Science and superstition
250 ## - EDITION STATEMENT
Remainder of edition statement 1
260 ## - PUBLICATION, DISTRIBUTION, ETC. (IMPRINT)
Name of publisher, distributor, etc Renissance
Date of publication, distribution, etc 2005
300 ## - PHYSICAL DESCRIPTION
Extent 111
600 ## - SUBJECT ADDED ENTRY--PERSONAL NAME
Personal name M N Roy
630 ## - SUBJECT ADDED ENTRY--UNIFORM TITLE
Uniform title Science and superstition
700 ## - ADDED ENTRY--PERSONAL NAME
Personal name M N Roy
730 ## - ADDED ENTRY--UNIFORM TITLE
Uniform title Science and superstition
942 ## - ADDED ENTRY ELEMENTS (KOHA)
Koha item type Book
Holdings
Withdrawn status Lost status Damaged status Not for loan Home library Current library Date acquired Cost, normal purchase price Total Checkouts Full call number Barcode Date last seen Cost, replacement price Price effective from Koha item type
        R.B. Anant Shivaji Desai Vachanalaya and Granthalaya, Kudal R.B. Anant Shivaji Desai Vachanalaya and Granthalaya, Kudal 09/13/2009 21.00   RBASDV40977 RBASDV40977 10/18/2015 21.00 10/18/2015 Book